| 000 | 00400nam a2200169Ia 4500 | ||
|---|---|---|---|
| 008 | 210210b1942 xxu||||| |||| 00| 0 eng d | ||
| 041 | _aeng | ||
| 082 | _a825/63 | ||
| 100 | _aBATES (H E) | ||
| 245 | _aModern short story | ||
| 260 |
_aLondon _bThomas Nelson and Sons Limited _c1942 |
||
| 650 | _astory | ||
| 650 | _ashort | ||
| 650 | _aModern | ||
| 690 | _aEnglish Criticism | ||
| 906 | _a014381 | ||
| 999 |
_c133545 _d133545 |
||